Central Library OPAC University of Rajshahi

মুসলিম ইতিহাসচর্চার ক্রমবিকাশ / (Record no. 40620)

MARC details
000 -LEADER
fixed length control field 00952nam a2200241 a 4500
001 - CONTROL NUMBER
control field 40620
003 - CONTROL NUMBER IDENTIFIER
rucl marc code BD-RjUL
005 - DATE AND TIME OF LATEST TRANSACTION
control field 20211209053243.0
008 - FIXED-LENGTH DATA ELEMENTS--GENERAL INFORMATION
fixed length control field 160507s2009 bg ||||| |||| 000 0dben d
020 ## - INTERNATIONAL STANDARD BOOK NUMBER
International Standard Book Number 9789843303578
Terms of availability : Tk. 267.00
035 ## - SYSTEM CONTROL NUMBER
System control number (BD-RjUL)40735
040 ## - CATALOGING SOURCE
Original cataloging agency BD-RjUL
Language of cataloging ben
Transcribing agency BD-RjUL
041 ## - LANGUAGE CODE
Language code of text/sound track or separate title ben
082 ## - DEWEY DECIMAL CLASSIFICATION NUMBER
Edition number 23
Classification number B 297.09
Author mark and year HAM 2009
100 ## - MAIN ENTRY--PERSONAL NAME
Personal name হক, মো. আজিজুল
9 (RLIN) 125001
245 ## - TITLE STATEMENT
Title মুসলিম ইতিহাসচর্চার ক্রমবিকাশ /
Statement of responsibility, etc. মো. আজিজুল হক
260 ## - PUBLICATION, DISTRIBUTION, ETC. (IMPRINT)
Place of publication, distribution, etc. রাজশাহী :
Name of publisher, distributor, etc. সেন্টার ফর ইসলামিক রিসার্চ রাজশাহী,
Date of publication, distribution, etc. ২০০৯.
300 ## - PHYSICAL DESCRIPTION
Pagination ২৭২ পৃ.;
Size ২২ সেমি.
504 ## - BIBLIOGRAPHY, ETC. NOTE
Bibliography, etc গ্রন্থপঞ্জি সংযুক্ত
650 ## - SUBJECT ADDED ENTRY--TOPICAL TERM
Topical term or geographic name as entry element ইসলাম
General subdivision ইতিহাস
9 (RLIN) 125002
Topical term or geographic name as entry element Islam
General subdivision History
9 (RLIN) 125003
942 ## - ADDED ENTRY ELEMENTS (KOHA)
Source of classification or shelving scheme Dewey Decimal Classification
Koha item type Books
Holdings
Lost status Source of classification or shelving scheme Damaged status Not for loan Collection code Permanent Location Current Location Shelving location Date acquired Source of acquisition Cost, normal purchase price Total Checkouts Full call number Date last seen Copy number Koha item type
  Dewey Decimal Classification   Not For Loan Non-fiction Central Library, University of Rajshahi Central Library, University of Rajshahi Reading Room 08/07/2009 Author 267.00   B 297.09 HAM 2009 07/05/2016 C-2 Books
  Dewey Decimal Classification     Non-fiction Central Library, University of Rajshahi Central Library, University of Rajshahi   08/07/2009 Author 267.00   B 297.09 HAM 2009 07/05/2016 C-3 Books
  Dewey Decimal Classification     Non-fiction Central Library, University of Rajshahi Central Library, University of Rajshahi   08/07/2009 Author 267.00   B 297.09 HAM 2009 07/05/2016 C-4 Books
  Dewey Decimal Classification     Non-fiction Central Library, University of Rajshahi Central Library, University of Rajshahi   08/07/2009 Author 267.00   B 297.09 HAM 2009 08/08/2016 C-5 Books
  Dewey Decimal Classification   Not For Loan Non-fiction Central Library, University of Rajshahi Central Library, University of Rajshahi Reading Room 08/07/2009 Author, Rajshahi. 267.00   B 297.09 HAM 2009 05/12/2016 C-1 Books